{"text_format":"3","workbook":"xlsx","n_sheets":1,"sheets":["办公用品"],"read":"whole","date_system":"1900"}

{"sheet":"办公用品","index":0,"n_rows":99,"n_cols":7,"rows_kept":99,"merged":[[98,0,98,6]]}
["序号","货物名称","规格型号","单位","数  量","单  价","金额"]
[1,"按动笔","得力","支",2682,"1.33",{"$f":"PRODUCT(E2*F2)","v":3567.06}]
[2,"白板","/","块","7","40",280]
[3,"白板笔","得力","支",20,1.6,32]
[4,"板夹","木a4","个",6,"4",24]
[5,"板夹","a5","个","8","6",48]
[6,"板夹","a4","个",2,8,16]
[7,"板夹","木a5","个",10,2.5,25]
[8,"报刊架","/","个",1,198,198]
[9,"笔记本","厚","本","60","2.5",150]
[10,"笔记本","薄","本","20","0.8",16]
[11,"笔记本","活页A4","本",5,35,175]
[12,"笔记本","活页A5","本",10,25,250]
[13,"笔记本","皮面","本",5,8,40]
[14,"笔筒","小","个",2,"8",16]
[15,"笔筒","多功能","个",1,13,13]
[16,"笔芯","得力","支",4340,0.49,2126.6]
[17,"笔芯","1.0得力","支","20","0.7",14]
[18,"笔芯","直杆","支",100,0.5,50]
[19,"尺子","30cm","把","5","3.5",17.5]
[20,"尺子","15cm","把","2","2.4",4.8]
[21,"抽杆夹","大号","个",50,3.5,175]
[22,"抽杆夹","中号","个",220,1.6,352]
[23,"档案袋","牛皮纸","个",30,"1.2",36]
[24,"档案袋","5cm牛皮纸","个",165,3,495]
[25,"档案袋","3cm牛皮纸","个",30,"2.7",81]
[26,"档案盒","2cm牛皮纸","个","20","2.6",52]
[27,"档案盒","55mm","个",337,"7",2359]
[28,"档案盒","35mm","个",2,6,12]
[29,"档案盒","75mm","个",5,12,60]
[30,"电池","1#","个","2",10,20]
[31,"电池","23A","个",6,6,36]
[32,"电池","cr2032","个",14,"4",56]
[33,"电池","2号","个",26,"7.5",{"$f":"PRODUCT(E34*F34)","v":195}]
[34,"电池","5#南孚","个",4440,1.8,7992]
[35,"电池","7#南孚","个",2480,1.8,4464]
[36,"电话机","得力","台",13,60,780]
[37,"电话机","子母","台",1,420,420]
[38,"订书钉","厚层","盒",70,"3",210]
[39,"订书钉","12#","盒",245,"0.84",205.8]
[40,"订书机","得力","台",14,11.5,161]
[41,"订书机","省力","台",2,"21",42]
[42,"订书机","厚层","台",1,126,126]
[43,"粉笔","白色","盒",6,2.5,15]
[44,"风琴包","得力","个",1,26,26]
[45,"封面","证件卡封面","个","20",2.5,50]
[46,"复写纸","A4","盒",2,"12",24]
[47,"复写纸","A5","盒",1,"6",6]
[48,"公文袋","毅力","个",12,20,240]
[49,"固体胶","得力","支",53,2,106]
[50,"回形针","3#","盒",183,1.05,192.15]
[51,"回形针","彩色","盒",5,"3",15]
[52,"会议牌","17.8cm*10.5cm","个","20","4",80]
[53,"计算器","得力","个",6,"16",96]
[54,"计算器","语音","个",2,42,84]
[55,"记号笔","双小头","支",558,1.4,781.2]
[56,"记号笔","红","支",30,1.4,42]
[57,"浆糊","500g","瓶",5,2.5,12.5]
[58,"胶带","泡沐胶","卷",14,2,28]
[59,"胶水","78g天鹅腾飞","瓶",400,1.05,420]
[60,"卷笔刀","得力锌合金","个",3,5,15]
[61,"美工刀","得力","把",8,3,24]
[63,"皮筋","大号","包",20,6,120]
[64,"皮卡套","证件卡套","套",20,1.5,30]
[65,"起钉器","得力","个",10,13,130]
[66,"铅笔","中华牌","支",16,0.83,13.28]
[67,"台笔","得力","支",1,2.6,2.6]
[68,"铁夹","6#","个",18,2,36]
[69,"透明胶","卷",10,5.6,56,313.6]
[70,"网格袋","A4","个",40,1.8,72]
[71,"文件夹","双夹","个",51,6.5,331.5]
[72,"文件夹","单夹","个",5,6,30]
[73,"文件框","四联","个",5,24,120]
[74,"文件座","三层","个",11,39,429]
[75,"橡皮擦","得力","个",18,0.97,17.46]
[76,"橡皮筋","大号","包",75,6,450]
[77,"修正带","30m得力","个",6,2.5,{"$f":"PRODUCT(E77*F77)","v":15}]
[78,"修正带","5米得力","个","2","4.5",9]
[79,"修正液","12g","瓶",7,3,21]
[80,"燕尾夹","4#","盒",48,"8.4",403.2]
[81,"燕尾夹","6#","盒",10,6.3,63]
[82,"燕尾夹","5#","盒","2","7.2",14.4]
[83,"意见箱","21*28*10cm","个",5,35,175]
[84,"印台","小号圆形","个",20,2,40]
[85,"印台","中号圆形","个",2,8,16]
[86,"印台","方盒","个",25,11.6,290]
[87,"印油","光敏","瓶",4,12,48]
[88,"印油","快干","瓶",5,"5",25]
[89,"圆珠笔","黑色","支",600,0.7,420]
[90,"直尺","40cm","把",1,3,3]
[91,"中性笔","直","支",108,1,108]
[92,"中性笔","台笔","支",6,2.6,15.6]
[93,"桌牌","5*10cm","个",20,4,80]
[94,"资料册","60页","本",26,16,416]
[95,"资料册","40页","本",406,11.5,4669]
[96,"资料册","20页","本",119,7.6,904.4]
[97,"资料册","100页","本",28,26,728]
[{"$nulls":6},{"$f":"SUM(G2:G97)","v":38208.65}]
["注：本次办公用品询价最高控制总价：38208.65元，超过此价格为无效报价，同时超过清单中各分项货物单价也为无效报价，报价人需按上述数量填写各分标单价及总价。"]